000 nam a22 7a 4500
999 _c10052
_d10052
008 180209b ||||| |||| 00| 0 eng d
100 _aSingh, Y P
_96077
245 _aPrimary Atlas
260 _aNew Delhi
_bPrimary Kids Publication
_c2004